Sports Quiz

Random Sports or Football Quiz
Score 0/11 Timer 06:00
0 Plays Today
Question Response % Correct
Is your back all right?Yeah.
97.8%
Can you talk about this win over Arizona today?Yeah.
93.5%
How did your back feel?Yeah.
93.5%
How about the big game against the 49ers this week?Yeah.
93.5%
How are you feeling?Yeah.
93.5%
Thoughts on the defense and how they played?Yeah.
92.4%
Anything to add about today?Yeah.
92.4%
Are you still having fun?Yeah.
92.4%
Talk about the Cardinals defense.Yeah.
92.4%
How is your back doing?Yeah.
92.4%
You don't want to do a phone interview for about two minutes, do you?No.
88%
Remove Ads.
Support Sporcle.
Get the best of Sporcle when you Go Orange. This ad-free experience offers more features, more stats, and more fun while also helping to support Sporcle. Thank you for becoming a member.

You're not logged in!

Compare scores with friends on all Sporcle quizzes.
OR
Log In

Show Comments

Extras

Top Quizzes Today


Score Distribution

Your Account Isn't Verified!

In order to create a playlist on Sporcle, you need to verify the email address you used during registration. Go to your Sporcle Settings to finish the process.

Report this User

Report this user for behavior that violates our Community Guidelines.

Details: